000 00647nam a2200253Ia 4500
005 20260121154855.0
008 008 260114s9999 xx 000 0 eng d
020 _a9780429331695
037 _aEBOOK
040 _aCRL
040 _beng
040 _cCRL
041 _2eng
041 _aeng
084 _qCRL
100 _a Katherine Crawford-Garrett; Matthew A.M. Thomas; Emilee Rauschenberger
_91012569
245 0 _aExamining?Teach For All
260 _bTaylor and Francis
260 _c2021
856 _uhttp://www.taylorfrancis.com/books/9780429331695
942 _cEBOOK
999 _c1579388
_d1579388